000 00332nam a22001457a 4500
008 230626b ||||| |||| 00| 0 eng d
020 _a9781617314896
041 _aeng
080 _a611
082 _a611
100 _a10
101 _aANATOMY
245 _aEXPLORING ANATOMY IN THE LABORATORY
_cAMERMAN .C .E
942 _2udc
_cBK
999 _c60034
_d60034